[Event "AUT Bundesliga 2021-22"]
[Site "Graz"]
[Date "2022.04.23"]
[Round "11.19"]
[White "Shengelia, David"]
[Black "Haba, Petr"]
[Result "1/2-1/2"]
[WhiteElo "2503"]
[BlackElo "2441"]
[Annotator "TA"]
[PlyCount "159"]
[EventDate "2021.01.17"]
[EventType "team-tourn"]
[EventCountry "AUT"]
[SourceTitle "playchess.com"]
[Source "ChessBase"]
[SourceQuality "1"]
[TimeControl "40/5400+30:1800+30"]

{[%evp 15,159,26,28,28,29,25,28,32,23,10,52,13,19,21,57,57,58,47,43,46,50,41,104,104,90,84,89,89,89,89,89,89,89,89,89,89,88,60,29,51,108,90,90,90,90,90,90,90,90,90,99,99,99,84,84,84,90,90,90,84,90,91,99,90,90,90,90,90,90,90,90,90,90,89,90,90,90,89,89,89,89,89,89,89,89,89,90,89,89,89,89,89,89,89,89,89,89,89,89,89,89,89,89,89,89,89,89,89,89,89,89,89,89,89,89,89,89,0,89,89,89,0,89,0,0,0,0,0,0,0,0,0,0,0,0,0,0,0,0,0,0,0,0,0,0,0]} 1. d4 {[%emt 0:00:17]} d5 {[%emt 0:00:46]} 2. c4 {[%emt 0:00:13]} c6 {[%emt 0:00:00]} 3. Nf3 {[%emt 0:00:28]} Nf6 {[%emt 0:00:11]} 4. e3 {[%emt 0:00:11]} Bg4 {[%emt 0:00:17]} 5. h3 {[%emt 0:00:40]} Bxf3 {[%emt 0:00:06]} 6. Qxf3 {[%emt 0:00:04]} e6 {[%emt 0:00:07]} 7. Nc3 {[%emt 0:00:37]} Nbd7 {[%emt 0:01:08]} 8. Bd3 {[%emt 0:07:12]} Be7 {[%emt 0:00:18]} 9. cxd5 {[%emt 0:04:10] D11: Slav Defence: 3 Nf3 sidelines and 3...Nf6 4 e3 Bg4.} cxd5 {[%emt 0:03:44]} 10. O-O {[%emt 0:12:05]} O-O {[%emt 0:00:48]} 11. Bd2 {[%emt 0:00:29] White has an edge.} Nb6 {[%emt 0:08:18] [#]} 12. a4 $146 {[%emt 0:10:23]} ({Predecessor:} 12. Rfc1 Rc8 13. Rc2 a6 14. Rac1 Qd7 15. Be1 Rc6 16. Qe2 Rfc8 17. Nb1 Rxc2 18. Rxc2 {½-½ (65) Greet,A (2414)-Turner,M (2517) Hull 2019}) 12... Bb4 {[%emt 0:01:18]} 13. Rfc1 {[%emt 0:14:40]} (13. a5 $5 {[%cal Ra5b6]} Nc8 14. Rfd1 $14) 13... Nc8 {[%emt 0:06:27]} 14. Qd1 $36 {[%emt 0:11:43][%mdl 2048] White has the initiative.} Nd6 {[%emt 0:14:06]} 15. a5 {[%emt 0:04:10]} Bxa5 {[%emt 0:16:23] [#]} 16. Nxd5 $1 {[%emt 0:01:15]} Bxd2 {[%emt 0:00:12]} 17. Nxf6+ {[%emt 0:00:03]} Qxf6 {[%emt 0:00:07]} 18. Qxd2 {[%emt 0:00:03]} e5 {[%emt 0:01:05]} ({Black should play} 18... Qe7 $14) 19. dxe5 $16 {[%emt 0:02:27]} Qxe5 {[%emt 0:00:02]} 20. Ra5 {[%emt 0:00:11][%cal Ba1a5,Ba5d5,Bd5d7,Bd7e7][%mdl 32]} Qe7 {[%emt 0:03:49]} 21. Rd5 {[%emt 0:00:51][%cal Od5d6] [#] Rxd6! is the strong threat. &Bianco is more active.} Ne4 {[%emt 0:08:58]} 22. Bxe4 {[%emt 0:01:52]} Qxe4 {[%emt 0:00:02]} 23. Rc7 {[%emt 0:00:20]} b6 {[%emt 0:02:41]} 24. Rdd7 {[%emt 0:07:28]} a5 {[%emt 0:02:17][%cal Ba7a5,Ba5a4][%mdl 32]} 25. Rb7 {[%emt 0:00:12]} a4 {[%emt 0:01:30]} 26. Re7 {[%emt 0:09:31]} Qb1+ {[%emt 0:10:37]} 27. Kh2 {[%emt 0:00:05]} Qa2 {[%emt 0:00:07]} ({Better is} 27... Rad8 $14 28. Qb4 Qf5) 28. Qb4 {[%emt 0:03:37]} (28. Qd4 {seems wilder.} a3 29. Rxb6 Rad8 30. Qa4) 28... a3 {[%emt 0:05:30]} 29. Qxb6 {[%emt 0:01:07]} axb2 {[%emt 0:01:22]} 30. Qxb2 {[%emt 0:00:11]} Qxb2 {[%emt 0:01:18]} 31. Rxb2 {[%emt 0:00:02][%mdl 4096] Endgame KRR-KRR} h5 {[%emt 0:00:36]} 32. Rb4 {[%emt 0:03:29]} Rae8 {[%emt 0:02:13]} 33. Reb7 {[%emt 0:00:34]} g6 {[%emt 0:00:17]} 34. g4 {[%emt 0:01:33]} hxg4 {[%emt 0:00:18]} 35. hxg4 {[%emt 0:00:01]} Kg7 {[%emt 0:01:53]} 36. Kg3 {[%emt 0:00:06]} Re6 {[%emt 0:02:31]} 37. Rf4 {[%emt 0:01:12]} Re5 {[%emt 0:04:23]} 38. Ra4 {[%emt 0:00:41]} Re6 {[%emt 0:00:58]} 39. g5 {[%emt 0:00:39]} Re5 {[%emt 0:00:32]} 40. Kg4 {[%emt 0:00:00]} Rfe8 {[%emt 0:00:00]} 41. Rf4 {[%emt 0:03:48]} R8e7 {[%emt 0:02:51]} 42. Rxe7 {[%emt 0:04:52]} Rxe7 {[%emt 0:00:03] KR-KR} 43. Ra4 {[%emt 0:00:05]} Rb7 {[%emt 0:02:13]} 44. e4 {[%emt 0:00:48]} Rb2 {[%emt 0:04:37]} 45. f3 {[%emt 0:00:28]} Rg2+ {[%emt 0:03:00]} 46. Kf4 {[%emt 0:00:07]} Rg1 {[%emt 0:00:04]} 47. Ra7 {[%emt 0:00:42]} Rg2 {[%emt 0:00:30]} 48. Re7 {[%emt 0:00:27]} Rg1 {[%emt 0:01:22]} 49. Rd7 {[%emt 0:00:21]} Rg2 {[%emt 0:00:09]} 50. Rd1 {[%emt 0:00:05]} Rf2 {[%emt 0:05:55]} 51. Ke3 {[%emt 0:00:54]} Ra2 {[%emt 0:04:48]} 52. Rd7 {[%emt 0:00:31]} Ra3+ {[%emt 0:00:19]} 53. Rd3 {[%emt 0:01:01]} Ra5 {[%emt 0:00:33]} 54. f4 {[%emt 0:00:25]} Ra4 {[%emt 0:00:09]} 55. Rd7 {[%emt 0:00:24]} Ra1 {[%emt 0:01:18]} 56. Rd5 {[%emt 0:02:44]} Rf1 {[%emt 0:01:40]} 57. Rd6 {[%emt 0:01:32]} Kf8 {[%emt 0:00:35]} 58. Rf6 {[%emt 0:00:57]} Ra1 {[%emt 0:01:15]} 59. Rc6 {[%emt 0:00:54]} Rf1 {[%emt 0:00:10]} 60. Rc8+ {[%emt 0:00:08]} Kg7 {[%emt 0:00:04]} 61. Rc5 {[%emt 0:01:48]} Kg8 {[%emt 0:00:54]} 62. Rc2 {[%emt 0:01:15]} Kg7 {[%emt 0:00:07]} 63. Rd2 {[%emt 0:00:05]} Kg8 {[%emt 0:01:01]} 64. Rf2 {[%emt 0:05:15]} Ra1 {[%emt 0:00:05]} 65. Rb2 {[%emt 0:04:34]} Rf1 {[%emt 0:00:08]} 66. Rc2 {[%emt 0:00:05]} Kg7 $1 {[%emt 0:00:05]} 67. Rc8 {[%emt 0:00:06]} Kh7 {[%emt 0:02:28]} 68. Rc5 {[%emt 0:03:16]} Kg8 $1 {[%emt 0:00:13]} 69. f5 {[%emt 0:00:15]} (69. Ra5 $16) 69... gxf5 $11 {[%emt 0:00:05] The position is equal.} 70. Rxf5 {[%emt 0:01:45]} Ra1 {[%emt 0:00:40]} 71. Kf4 {[%emt 0:00:19]} Kg7 {[%emt 0:00:19]} 72. Rb5 {[%emt 0:01:16]} Rg1 {[%emt 0:00:54]} 73. Rb7 {[%emt 0:01:37]} Rf1+ {[%emt 0:00:49]} 74. Ke5 {[%emt 0:00:10]} Rg1 {[%emt 0:00:40]} 75. Kf4 {[%emt 0:00:09]} Rf1+ {[%emt 0:00:01]} 76. Ke3 $1 {[%emt 0:00:09]} Kg6 {[%emt 0:01:20]} 77. Rb5 {[%emt 0:00:42]} Rg1 {[%emt 0:01:20]} 78. Kf4 {[%emt 0:00:06]} Rf1+ {[%emt 0:00:03]} 79. Ke3 {[%emt 0:00:15]} Rg1 {[%emt 0:00:04]} 80. Kf4 {[%emt 0:00:04] Weighted Error Value: White=0.03 (flawless) /Black=0.05 (flawless)} 1/2-1/2

[Event "AUT Bundesliga 2021-22"]
[Site "Graz"]
[Date "2022.04.23"]
[Round "11.20"]
[White "Kilgus, Georg"]
[Black "Doric, Darko"]
[Result "1/2-1/2"]
[WhiteElo "2415"]
[BlackElo "2478"]
[Annotator "TA"]
[PlyCount "108"]
[EventDate "2021.01.17"]
[EventType "team-tourn"]
[EventCountry "AUT"]
[SourceTitle "playchess.com"]
[Source "ChessBase"]
[SourceQuality "1"]
[TimeControl "40/5400+30:1800+30"]

{[%evp 9,108,25,45,19,39,39,38,39,46,-20,0,0,14,0,13,-30,-12,-125,-79,-134,-99,-112,-73,-60,-65,-58,-59,-91,-26,-16,-17,-37,-37,-97,-36,-39,-35,-35,-30,-71,-31,-26,-33,-86,-87,-96,-57,-293,-188,-178,-180,-168,-185,-179,-175,-174,-113,-137,0,0,0,-19,-29,-20,-14,-37,-22,-23,-59,-127,-105,-185,-139,-112,-157,-214,-35,-50,0,0,0,0,0,0,0,0,0,0,0,0,0,0,0,0,0,0,0,-28000,-28000,-28000,-28000]} 1. d4 {[%emt 0:00:02]} d5 {[%emt 0:00:16]} 2. Nf3 {[%emt 0:00:04]} c6 {[%emt 0:00:23]} 3. Bf4 {[%emt 0:03:20]} Qb6 {[%emt 0:06:08]} 4. Nbd2 {[%emt 0:08:44]} Qxb2 {[%emt 0:02:31]} 5. Rb1 {[%emt 0:00:07] [#]} Qa3 $146 {[%emt 0:04:57]} ({Predecessor:} 5... Qxa2 6. e4 dxe4 7. Bc4 Qa5 8. Ne5 e6 9. O-O Nf6 10. Re1 Nd5 11. Ra1 Qd8 {1-0 (21) Lindam,I (2069)-Hinkmann,J (1967) Germany 2007}) 6. e3 {[%emt 0:08:53][%mdl 1024] White has compensation. D02: 1 d4 d5 2 Nf3 sidelines, including 2...Nf6 3 g3 and 2...Nf6 3 Bf4.} e6 {[%emt 0:03:45]} 7. Bd3 {[%emt 0:02:25]} Nf6 {[%emt 0:00:28]} 8. O-O {[%emt 0:01:04] White is slightly better.} Be7 {[%emt 0:06:38]} 9. Rb3 {[%emt 0:06:44]} (9. e4 $14) 9... Qa5 {[%emt 0:01:14]} 10. c4 {[%emt 0:00:02]} O-O {[%emt 0:12:01]} 11. Qc2 {[%emt 0:15:14]} Nbd7 {[%emt 0:01:50]} 12. g4 {[%emt 0:26:40]} g6 {[%emt 0:02:27]} (12... Nxg4 {feels hotter.} 13. Bxh7+ Kh8 14. Bd3 Qd8) 13. h4 {[%emt 0:04:43]} (13. h3 $11 {remains equal.}) 13... Nxg4 $17 {[%emt 0:05:55]} 14. cxd5 {[%emt 0:06:49]} (14. h5 $142) 14... exd5 {[%emt 0:03:48]} ({Not} 14... cxd5 15. Kg2 $17) 15. h5 {[%emt 0:00:14][%cal Rh5g6]} f5 {[%emt 0:03:48]} 16. Kg2 {[%emt 0:01:28]} Ndf6 {[%emt 0:04:58]} 17. hxg6 {[%emt 0:00:02]} hxg6 {[%emt 0:00:07]} 18. Nh4 {[%emt 0:00:57]} Ne4 {[%emt 0:07:59]} (18... Kg7 $17 {Strongly threatening ...Ne4.} 19. Rfb1 Ne4 20. Nxe4 fxe4 21. Rxb7 Bxb7 22. Rxb7 Rf7 23. Qxc6 Bxh4 24. Rxf7+ Kxf7 25. Qb7+ (25. Be2 $2 Nxe3+ 26. Bxe3 Rd8 $19) 25... Be7) 19. Nxg6 $11 {[%emt 0:00:40]} Rf7 {[%emt 0:00:18][%cal Bf8f7,Bf7g7,Bg7g4][%mdl 32]} 20. Nf3 {[%emt 0:01:53]} Bf6 {[%emt 0:01:05] ...Rg7 is the strong threat.} 21. Nfe5 {[%emt 0:01:09]} (21. Nge5 $1 $15 Rg7 22. Nxg4) 21... Bxe5 {[%emt 0:01:17]} (21... Nxe5 $17 22. dxe5 Rg7 $1 23. exf6 Rxg6+ 24. Kh1 Qd8) 22. Nxe5 $15 {[%emt 0:01:19]} Rg7 $36 {[%emt 0:00:49][%csl LRe3,LRe5][%mdl 2048] Black has some pressure.} 23. Nxg4 {[%emt 0:03:01]} Rxg4+ {[%emt 0:00:29]} 24. Bg3 {[%emt 0:03:16]} Qd8 {[%emt 0:04:49]} (24... Qc7 $5 {[%cal Re4g3]} 25. Bxe4 fxe4 $17) 25. Rh1 {[%emt 0:00:46]} Qf6 {[%emt 0:06:28]} 26. Bxe4 {[%emt 0:01:19]} ({White should play} 26. Rbb1 $15) 26... fxe4 $17 {[%emt 0:00:15]} 27. Qe2 {[%emt 0:00:02]} b6 {[%emt 0:00:41]} 28. f3 $2 {[%emt 0:01:18] [#]} (28. Rbb1 $1 $15) 28... Ba6 $1 {[%emt 0:02:39][%mdl 512]} 29. Qf2 {[%emt 0:00:34]} exf3+ {[%emt 0:01:43]} 30. Qxf3 {[%emt 0:00:02] [#]} Qg7 {[%emt 0:01:02]} 31. Kf2 {[%emt 0:00:40]} Rf8 {[%emt 0:05:22]} 32. Bf4 {[%emt 0:00:02]} Bc4 {[%emt 0:04:25]} ({Better is} 32... Bc8 $19 {[%cal Of8f4] Hoping for ...Rfxf4!} 33. Ke1 Rg2) 33. Ra3 {[%emt 0:00:06][%cal Oa3a7]} Rfxf4 {[%emt 0:01:41]} 34. exf4 $11 {[%emt 0:00:04]} Qxd4+ {[%emt 0:00:10]} 35. Qe3 {[%emt 0:00:22]} (35. Ke1 $5 {[%cal Rf3g4]} Rg6 36. Qh3 Rg1+ 37. Rxg1+ Qxg1+ 38. Kd2 Qd4+ 39. Kc1 Qxf4+ 40. Kd1 Qd4+ 41. Kc1 Qg1+ 42. Kd2 Qf2+ 43. Kc1 Qf4+ 44. Kd1 Qd4+ 45. Kc1 Qg1+ 46. Kd2 Qf2+ 47. Kc1 Qg1+ $11) 35... Rxf4+ {[%emt 0:02:53]} 36. Kg3 $1 {[%emt 0:00:02] The board is on fire.} Qxe3+ {[%emt 0:01:36]} ({But not} 36... Rg4+ $2 37. Kh3 Rh4+ 38. Kg2 Qxe3 39. Rxe3 Rxh1 40. Kxh1 $19) 37. Rxe3 {[%emt 0:00:03][%mdl 4096] Endgame KRR-KRB} Rf7 {[%emt 0:00:30]} 38. Re8+ {[%emt 0:03:11]} Kg7 {[%emt 0:00:07]} 39. Kg4 {[%emt 0:01:02]} (39. a4 $15) 39... d4 $17 {[%emt 0:01:31]} 40. Reh8 {[%emt 0:00:00]} (40. a4 $17) 40... Bd3 {[%emt 0:00:00]} (40... Kf6 $19 {aiming for ...Ke7.} 41. R1h6+ Ke5 42. Rxc6 Bxa2 43. Re8+ Kd5) 41. Rd8 {[%emt 0:02:39]} c5 {[%emt 0:03:38]} 42. a4 {[%emt 0:05:36] Prevents Bb5.} (42. Re1 $17) 42... Bg6 $2 {[%emt 0:03:31]} (42... Bc2 $19 43. a5 Kf6 44. Rh6+ Ke5 45. axb6 axb6 46. Rxb6 Bf5+ 47. Kg3 Bd7) 43. a5 $15 {[%emt 0:00:23]} bxa5 {[%emt 0:00:41]} (43... Bd3 $15) 44. Rc1 $11 {[%emt 0:00:57]} Rf5 {[%emt 0:07:57]} 45. Ra8 {[%emt 0:13:18]} d3 {[%emt 0:01:31] White must now prevent ...d2.} 46. Rxa7+ {[%emt 0:00:09]} Kh6 {[%emt 0:01:44] Threatens to win with ...d2.} 47. Rd7 {[%emt 0:02:41]} Rh5 {[%emt 0:03:59]} 48. Kf3 {[%emt 0:01:00]} a4 {[%emt 0:00:29]} 49. Rd6 {[%emt 0:01:39]} a3 {[%emt 0:01:30]} 50. Rg1 {[%emt 0:00:29]} Rg5 {[%emt 0:00:05]} 51. Rxg5 {[%emt 0:00:36]} Kxg5 {[%emt 0:00:23]} 52. Rd5+ {[%emt 0:00:46]} Kh6 $2 {[%emt 0:00:25][%mdl 8192]} (52... Kh4 $11 53. Rxc5 a2) 53. Rxc5 {[%emt 0:00:17]} a2 {[%emt 0:00:25]} 54. Ra5 {[%emt 0:00:10]} d2 {[%emt 0:00:05][%mdl 32768] Weighted Error Value: White=0.26 (precise) /Black=0.26 (precise) . An unexpected result.} 1/2-1/2

[Event "AUT Bundesliga 2021-22"]
[Site "Graz"]
[Date "2022.04.23"]
[Round "11.21"]
[White "Lehner, Oliver"]
[Black "Schwabeneder, Florian"]
[Result "0-1"]
[WhiteElo "2393"]
[BlackElo "2437"]
[Annotator "TA"]
[PlyCount "88"]
[EventDate "2021.01.17"]
[EventType "team-tourn"]
[EventCountry "AUT"]
[SourceTitle "playchess.com"]
[Source "ChessBase"]
[SourceQuality "1"]
[TimeControl "40/5400+30:1800+30"]

{[%evp 10,88,22,13,26,0,0,2,22,29,32,0,0,0,0,-25,0,-22,-18,-53,-17,-20,-18,-3,-14,-21,-21,-19,0,-18,-29,-18,-19,-20,-19,-12,-10,-72,0,-38,-30,-55,-24,-162,-168,-207,-75,-77,-90,-83,-82,-79,-41,-257,-235,-241,-192,-374,-342,-367,-360,-357,-260,-289,-302,-418,-433,-411,-410,-668,-643,-661,-652,-683,-679,-728,-724,-1107,-1101,-926,-814]} 1. e4 {[%emt 0:00:07]} Nc6 {[%emt 0:01:02]} 2. Nf3 {[%emt 0:01:01]} e5 {[%emt 0:00:23]} 3. Bc4 {[%emt 0:00:40]} Bc5 {[%emt 0:00:27]} 4. d3 {[%emt 0:00:46]} Nf6 {[%emt 0:00:48][%cal Bg8f6,Bf6h7,Bh7g5,Bg5f3][%mdl 32]} 5. Bg5 {[%emt 0:00:44][%cal Bc1g5,Bg5h4,Bh4g3][%mdl 32]} h6 {[%emt 0:05:14]} 6. Bh4 {[%emt 0:00:05]} Be7 {[%emt 0:02:38] C50: Hungarian Defence and Giuoco Pianissimo.} 7. Nbd2 {[%emt 0:02:53]} d6 {[%emt 0:05:02]} 8. c3 {[%emt 0:00:18] [#]} Nh7 $146 {[%emt 0:14:46] The position is equal.} (8... g5 $5 9. Bg3 g4 $11) ({Predecessor:} 8... a6 9. a4 Nh5 10. Bg3 g6 11. O-O O-O 12. b4 Kg7 13. Ba2 f5 14. exf5 Nxg3 15. fxg3 gxf5 {½-½ (44) Sevian,S (2665)-Mikhalevski,V (2578) Sturbridge 2019}) 9. Bg3 {[%emt 0:04:58]} Ng5 {[%emt 0:02:29]} 10. h4 {[%emt 0:15:50]} Nxf3+ {[%emt 0:10:10]} 11. Qxf3 {[%emt 0:00:59]} O-O {[%emt 0:00:38]} 12. b4 {[%emt 0:04:38] Inhibits Na5.} Kh8 {[%emt 0:14:13]} 13. Qe2 {[%emt 0:00:06]} ({Reject} 13. Bxf7 g6 14. b5 Na5 $17) 13... f5 {[%emt 0:02:22]} 14. f3 {[%emt 0:00:05]} Qe8 {[%emt 0:01:27]} 15. Bf2 {[%emt 0:02:04]} a5 {[%emt 0:01:38]} 16. b5 {[%emt 0:01:20]} Nd8 {[%emt 0:00:08]} 17. a4 {[%emt 0:04:14]} c6 {[%emt 0:11:29]} 18. g3 {[%emt 0:02:54]} Ne6 {[%emt 0:09:32]} 19. exf5 {[%emt 0:11:45]} Rxf5 {[%emt 0:00:25]} 20. d4 {[%emt 0:00:07] [#]} exd4 $1 {[%emt 0:02:18]} 21. cxd4 {[%emt 0:00:15]} ({Don't blunder} 21. Bxe6 $2 Re5 22. Bxc8 Rxe2+ 23. Kxe2 Rxc8 24. Bxd4 cxb5 $19) 21... d5 {[%emt 0:01:54]} 22. Bd3 {[%emt 0:00:29]} Rf8 {[%emt 0:02:08]} 23. Kf1 {[%emt 0:12:23]} (23. O-O $11 {keeps the balance.}) 23... c5 {[%emt 0:03:55]} (23... cxb5 $17 24. f4 bxa4) 24. Re1 {[%emt 0:06:47]} c4 $36 {[%emt 0:03:50][%mdl 2048] Black is pushing.} 25. Bb1 {[%emt 0:00:26][%cal Od2c4] Black must now prevent Nxc4!} Bb4 {[%emt 0:00:38]} 26. Rd1 {[%emt 0:02:49]} (26. f4 $11) 26... Qf7 $19 {[%emt 0:00:33]} 27. Kg2 {[%emt 0:00:08] [#]} Nc7 {[%emt 0:00:47]} (27... Re8 $1 $19 {[%cal Oe6f4] and Black stays clearly on top. aiming for ...Nf4+!} 28. Be3 Nf8) 28. Nf1 $17 {[%emt 0:04:17]} Bf5 {[%emt 0:00:56]} 29. Bxf5 {[%emt 0:00:07]} Qxf5 {[%emt 0:00:04]} 30. Ne3 {[%emt 0:00:06]} Rae8 {[%emt 0:01:03][%cal Ba8e8,Be8e2,Be2a2][%mdl 32] &Nero is more active.} 31. Nxf5 $2 {[%emt 0:02:25]} ({White should play} 31. f4 $1 $15) 31... Rxe2 $19 {[%emt 0:00:02]} 32. Ne3 {[%emt 0:00:29]} Re8 {[%emt 0:00:28]} 33. Ng4 {[%emt 0:01:57]} (33. b6 R8xe3 34. bxc7) 33... Ra2 {[%emt 0:00:50]} 34. Ra1 {[%emt 0:02:40]} Ree2 {[%emt 0:01:01]} 35. f4 {[%emt 0:04:02]} Na8 {[%emt 0:01:08][%cal Bc7a8,Ba8b6,Bb6a4,Ba4c3][%mdl 32]} 36. h5 {[%emt 0:01:51]} Nb6 {[%emt 0:00:06]} 37. f5 {[%emt 0:01:49]} Nxa4 {[%emt 0:00:45]} 38. Rxa2 {[%emt 0:00:52]} Rxa2 {[%emt 0:00:03]} 39. Kh3 {[%emt 0:00:08]} (39. Kf3 $142 Ra3+ 40. Be3) 39... Nc3 {[%emt 0:00:52] Black is clearly winning.} 40. Be3 {[%emt 0:00:19]} Ne4 {[%emt 0:00:31]} 41. f6 {[%emt 0:31:37]} Nxf6 {[%emt 0:07:57]} 42. Nxf6 {[%emt 0:00:00]} gxf6 {[%emt 0:00:02]} 43. Rf1 {[%emt 0:00:00]} Re2 {[%emt 0:07:30]} 44. Bxh6 {[%emt 0:00:00]} a4 {[%emt 0:00:09] Weighted Error Value: White=0.48/Black=0.14 (very precise)} 0-1

[Event "AUT Bundesliga 2021-22"]
[Site "Graz"]
[Date "2022.04.23"]
[Round "11.22"]
[White "Leisch, Lukas"]
[Black "Tica, Sven"]
[Result "1/2-1/2"]
[WhiteElo "2403"]
[BlackElo "2423"]
[Annotator "TA"]
[PlyCount "60"]
[EventDate "2021.01.17"]
[EventType "team-tourn"]
[EventCountry "AUT"]
[SourceTitle "playchess.com"]
[Source "ChessBase"]
[SourceQuality "1"]
[TimeControl "40/5400+30:1800+30"]

{[%evp 11,60,19,12,7,13,0,55,29,42,-14,-22,-28,-12,-21,-29,-23,0,0,0,0,0,-14,-7,-25,-24,-29,-20,-38,-24,-36,-37,-38,-41,-35,-38,-46,-30,-54,0,0,0,0,0,-7,0,0,3,0,19,3,10]} 1. c4 {[%emt 0:00:03]} e6 {[%emt 0:00:18]} 2. g3 {[%emt 0:00:06]} d5 {[%emt 0:00:06]} 3. Bg2 {[%emt 0:00:04]} Nf6 {[%emt 0:00:06]} 4. Nf3 {[%emt 0:00:06]} Be7 {[%emt 0:00:12]} 5. O-O {[%emt 0:00:08]} O-O {[%emt 0:00:06]} 6. d4 {[%emt 0:00:04]} a5 {[%emt 0:00:05]} 7. Ne5 {[%emt 0:07:58] 7.Qc2 is becoming the main line. E06: Closed Catalan: Early deviations.} c6 {[%emt 0:05:03][%cal Bc7c6,Bc6d5][%mdl 32]} 8. Nc3 {[%emt 0:02:51]} b6 {[%emt 0:01:53]} ({Better is} 8... Nfd7 $11) 9. Re1 {[%emt 0:12:32] White is slightly better.} Ba6 {[%emt 0:08:56]} 10. b3 {[%emt 0:07:56] [#]} (10. cxd5 $14 cxd5 11. e4) 10... Nfd7 $146 {[%emt 0:10:06]} ({Predecessor:} 10... b5 11. a3 Nfd7 12. Nxc6 Nxc6 13. cxb5 Bxb5 14. Nxb5 Qb6 15. a4 Rfc8 16. Ba3 Bxa3 17. Rxa3 {1-0 (33) Yang,C-Kirillov,D (2249) Chess.com INT 2022}) 11. Nxd7 {[%emt 0:04:19]} Nxd7 {[%emt 0:00:18]} 12. cxd5 {[%emt 0:00:18]} cxd5 {[%emt 0:00:07]} 13. Bb2 {[%emt 0:01:10]} b5 {[%emt 0:07:08][%cal Bb6b5,Bb5b4][%mdl 32]} 14. e4 {[%emt 0:03:23]} b4 {[%emt 0:07:09]} 15. Na4 {[%emt 0:02:04]} Nf6 {[%emt 0:09:29]} 16. f3 {[%emt 0:09:28]} Rc8 {[%emt 0:07:27]} 17. Rc1 {[%emt 0:00:34]} Rxc1 {[%emt 0:02:41]} 18. Qxc1 {[%emt 0:03:20]} Qb8 {[%emt 0:02:28]} 19. Qe3 {[%emt 0:10:46]} Rc8 {[%emt 0:05:17]} 20. Nc5 {[%emt 0:02:52]} Bb5 {[%emt 0:00:25]} 21. e5 {[%emt 0:02:51]} Nd7 {[%emt 0:01:04][%cal Rd7c5]} 22. Nxd7 {[%emt 0:00:07]} Bxd7 {[%emt 0:00:05]} 23. Rc1 {[%emt 0:00:08]} Rxc1+ {[%emt 0:00:07]} 24. Qxc1 {[%emt 0:00:41]} Qc8 {[%emt 0:00:07]} (24... a4 $15 {was preferrable.}) 25. Qxc8+ {[%emt 0:01:21] The position is equal.} Bxc8 {[%emt 0:00:15] KBB-KBB} 26. Bf1 {[%emt 0:00:03]} Bd7 {[%emt 0:00:35]} 27. Kf2 {[%emt 0:00:32]} Bc6 {[%emt 0:02:30]} 28. Bd3 {[%emt 0:00:25]} Bd7 {[%emt 0:01:15]} 29. Bc1 {[%emt 0:01:20]} Bc6 {[%emt 0:01:10]} 30. Be3 {[%emt 0:00:35]} Bd7 {[%emt 0:00:24] Weighted Error Value: White=0.10 (very precise) /Black=0.12 (very precise)} 1/2-1/2

[Event "AUT Bundesliga 2021-22"]
[Site "Graz"]
[Date "2022.04.23"]
[Round "11.23"]
[White "de Francesco, Klaus"]
[Black "Singer, Christoph"]
[Result "1/2-1/2"]
[WhiteElo "2177"]
[BlackElo "2345"]
[Annotator "TA"]
[PlyCount "60"]
[EventDate "2021.01.17"]
[EventType "team-tourn"]
[EventCountry "AUT"]
[SourceTitle "playchess.com"]
[Source "ChessBase"]
[SourceQuality "1"]
[TimeControl "40/5400+30:1800+30"]

{[%evp 13,60,0,0,2,0,-10,0,-15,0,-2,-11,-8,0,-19,-4,0,-5,-8,0,-29,-10,-22,0,-25,-19,-13,-27,-25,-16,-43,-39,-80,-68,-95,-38,-69,-43,-37,-42,-23,-34,-52,-53,-32,-14,-8,-7,-6,8]} 1. d4 {[%emt 0:00:07]} d5 {[%emt 0:00:37]} 2. c4 {[%emt 0:00:11]} e6 {[%emt 0:00:52]} 3. Nf3 {[%emt 0:00:10]} a6 {[%emt 0:00:47]} 4. e3 {[%emt 0:01:34]} Nf6 {[%emt 0:03:02]} 5. a3 {[%emt 0:01:16]} dxc4 {[%emt 0:00:19]} 6. Bxc4 {[%emt 0:00:06]} c5 {[%emt 0:07:03]} 7. O-O {[%emt 0:00:19]} b5 {[%emt 0:10:20]} 8. Bd3 {[%emt 0:03:21] D27: Queen's Gambit Accepted: Classical main line: 7 e4!? and 7 a4.} Bb7 {[%emt 0:01:23]} 9. Qe2 {[%emt 0:02:43]} Nbd7 {[%emt 0:05:48]} 10. Rd1 {[%emt 0:02:40]} (10. a4 $5 {[%cal Ra4b5]}) 10... cxd4 {[%emt 0:03:15]} 11. exd4 {[%emt 0:02:15] [#]} Be7 $146 {[%emt 0:00:26]} (11... Bd6 {is more complex.} 12. Ne5 O-O 13. Nc3 Rc8) ({Predecessor:} 11... Bd6 12. Nc3 Qb8 13. h3 O-O 14. Bg5 Rc8 15. Rac1 Bf4 16. Bxf4 Qxf4 17. Qe3 Qxe3 18. fxe3 {1-0 (74) Rodriguez Melian,J (2067)-Fidalgo Fernandez,L (2102) Vecindario 2010}) 12. a4 {[%emt 0:04:25]} bxa4 {[%emt 0:07:10]} 13. Rxa4 {[%emt 0:01:26]} a5 {[%emt 0:06:45]} 14. Nc3 {[%emt 0:03:06]} O-O {[%emt 0:00:44]} 15. Ra1 {[%emt 0:03:05]} Nd5 {[%emt 0:16:00]} 16. Ne4 {[%emt 0:03:57]} Nb4 {[%emt 0:03:03]} 17. Bb5 {[%emt 0:03:16]} Ba6 {[%emt 0:08:41]} 18. Bf4 {[%emt 0:02:02][%cal Bc1f4,Bf4g3,Bg3c7][%mdl 32]} Qb6 {[%emt 0:01:25]} 19. Bxa6 {[%emt 0:00:25]} Qxa6 {[%emt 0:00:31]} 20. Qxa6 {[%emt 0:01:31]} Rxa6 {[%emt 0:00:07]} 21. Rac1 {[%emt 0:00:39]} Nd5 {[%emt 0:00:42]} 22. Bg3 {[%emt 0:01:24]} Rb6 {[%emt 0:04:36]} 23. Rd2 {[%emt 0:03:59] [#]} h6 {[%emt 0:00:58]} (23... f5 $1 $17 {[%cal Rf5e4]} 24. Nc3 Rc6) 24. h4 {[%emt 0:05:34]} h5 {[%emt 0:01:26]} 25. Bc7 {[%emt 0:01:15]} Rc8 {[%emt 0:01:53]} 26. Rdc2 {[%emt 0:00:53]} Ra6 {[%emt 0:01:45][%cal Bb6a6,Ba6a8,Ba8b8][%mdl 32]} 27. Be5 {[%emt 0:02:56]} Rxc2 {[%emt 0:00:15]} 28. Rxc2 {[%emt 0:00:07]} Ra8 {[%emt 0:02:10]} 29. Bd6 {[%emt 0:05:18]} Bxd6 {[%emt 0:05:28]} 30. Nxd6 {[%emt 0:00:25]} Rb8 {[%emt 0:00:03] Weighted Error Value: White=0.13 (very precise) /Black=0.09 (flawless)} 1/2-1/2